00000000nam 2200000zi 4500
0019.943781
003CaOODSP
00520250314131707
006m     o  d f      
007cr |n|||||||||
008241003t20242024onc     ob   f000 0 eng d
020 |a9780660738987
040 |aCaOODSP|beng|erda|cCaOODSP
043 |an-cn---
0861 |aM103-3/85-2024E-PDF
1001 |aFernandes, Richard Anthony, |d1967- |eauthor.
24510|aProposed definition of fraction of absorbed photosynthetically active radiation by the Committee of Earth Observation Satellites / |cR. Fernandes, H. Tang, and L. Brown.
250 |aVersion 1.0.
264 1|a[Ottawa] : |bGeomatics Canada, |c2024.
264 4|c©2024
300 |a1 online resource (i, 6 pages).
336 |atext|btxt|2rdacontent
337 |acomputer|bc|2rdamedia
338 |aonline resource|bcr|2rdacarrier
4901 |aOpen file, |x2292-7875 ; |v85
504 |aIncludes bibliographical references (page 6).
650 0|aPhotosynthesis.
650 0|aSolar radiation|xMeasurement.
650 6|aPhotosynthèse.
650 6|aRayonnement solaire|xMesure.
7102 |aGeomatics Canada, |eissuing body.
830#0|aOpen file (Geomatics Canada)|v85.|w(CaOODSP)9.821474
85640|qPDF|s397 KB|uhttps://publications.gc.ca/collections/collection_2025/rncan-nrcan/M103-3-85-2024-eng.pdf
8564 |qHTML|sN/A|uhttps://doi.org/10.4095/p3gy844zex